Gaming Quiz

Random Gaming or Video Games Quiz

Name 30 Random Video Games 3 [PICS] Quiz Stats

 Plays Quiz not verified by Sporcle

Challenge
Share
Tweet
Score 0/30 Timer 10:00
0 Plays Today
(#) Initial release / Hardware Game title % Correct
(1) 1997 / PlaystationFinal Fantasy VII
84.9%
(9) 1992 / Game BoyKirby's Dreamland
59.8%
(7) 1998 / DreamcastSonic Adventure
58.7%
(24) 1999 / Playstation & PCGrand Theft Auto 2
48.9%
(3) 1995 / Super NintendoMega Man X3
48.6%
(8) 1990 / NintendoYoshi
38.6%
(10) 2005 / Xbox and PCPsychonauts
37.9%
(4) 2003 / GamecubeF-Zero GX
36.9%
(27) 2009 / Playstation 3inFamous
33.3%
(13) 1995 / Mega Drive (Genesis)Vectorman
31.7%
(11) 1979 / Atari 2600Adventure
20.5%
(18) 1999 / ArcadeSilent Scope
19.9%
(5) 1985 / ArcadeGradius
19.1%
(21) 2006 / WiiElebits
16.3%
(12) 1994 / Super NintendoUnirally
16.1%
(#) Initial release / Hardware Game title % Correct
(20) 2006 / Nintendo DSStar Fox Command
14.9%
(26) 1994 / 3DOThe Need For Speed
13.6%
(30) 1987 / Master SystemPhantasy Star
12.4%
(15) 1990 / AmigaJames Pond: Underwater Agent
11.3%
(6) 1993 / ArcadeSamurai Shodown
10.7%
(17) 2003 / Playstation 2Shin Megami Tensei: Nocturne
7.6%
(28) 2003 / Playstation 2Zone of the Enders: The 2nd Runner
7.6%
(19) 1994 / Super NintendoDemon's Crest
7.5%
(2) 1994 / MacintoshMarathon
5.4%
(29) 1997 / PCDungeon Keeper
4%
(22) 1996 / PlaystationVandal Hearts
3.8%
(25) 2007 / PCKnytt Stories
3.8%
(14) 1996 / SaturnDark Savior
1.7%
(16) 1989 / PC Engine (Turbografx-16)Blazing Lazers
1%
(23) 1981 / ArcadeBosconian
0.8%

You're not logged in!

Compare scores with friends on all Sporcle quizzes.
Join for Free
OR
Log In

You Might Also Like...

Show Comments

Extras

Top Quizzes Today


Score Distribution

Your Account Isn't Verified!

In order to create a playlist on Sporcle, you need to verify the email address you used during registration. Go to your Sporcle Settings to finish the process.

Report this User

Report this user for behavior that violates our Community Guidelines.

Details: